Riadenie pracovných kolektívov

Saved in:
Bibliographic Details
Main Author: Kohout, Jaroslav
Format: Book
Language:Slovak
Published: Bratislava Práca 1983
Series:Človek a práca zv. 3/83
Tags: Add Tag
No Tags, Be the first to tag this record!

MARC

LEADER 00000nam a2200000 4500
001 c132165
005 20050301104130.2
041 0 |a slo 
044 |a SK 
245 1 0 |a Riadenie pracovných kolektívov  |c Jaroslav Kohout 
264 1 |a Bratislava  |b Práca  |c 1983 
300 |a 103 s. 
490 1 |a Človek a práca  |v zv. 3/83 
830 0 |a Človek a práca  |v zv. 3/83 
100 1 |a Kohout, Jaroslav